Nanobiotechnology handbook (Record no. 14189)
[ view plain ]
| 000 -LEADER | |
|---|---|
| fixed length control field | 00414nam a2200181Ia 4500 |
| 005 - DATE AND TIME OF LATEST TRANSACTION | |
| control field | 20200130135529.0 |
| 008 - FIXED-LENGTH DATA ELEMENTS--GENERAL INFORMATION | |
| fixed length control field | 160427s9999 xx 000 0 und d |
| 020 ## - INTERNATIONAL STANDARD BOOK NUMBER | |
| International Standard Book Number | 9781439838693 |
| 040 ## - CATALOGING SOURCE | |
| Transcribing agency | LIRC |
| 082 ## - DEWEY DECIMAL CLASSIFICATION NUMBER | |
| Classification number | 610.28 XIE |
| 100 ## - MAIN ENTRY--PERSONAL NAME | |
| Personal name | Xie, Yubing |
| 9 (RLIN) | 716 |
| 245 ## - TITLE STATEMENT | |
| Title | Nanobiotechnology handbook |
| 260 ## - PUBLICATION, DISTRIBUTION, ETC. | |
| Place of publication, distribution, etc. | London |
| Name of publisher, distributor, etc. | CRC Press |
| Date of publication, distribution, etc. | 2013 |
| 300 ## - PHYSICAL DESCRIPTION | |
| Extent | 672 p. |
| 942 00 - ADDED ENTRY ELEMENTS (KOHA) | |
| Koha issues (borrowed), all copies | 1 |
| Source of classification or shelving scheme | Dewey Decimal Classification |
| Koha item type | Books |
| Withdrawn status | Lost status | Source of classification or shelving scheme | Damaged status | Not for loan | Home library | Current library | Date acquired | Source of acquisition | Coded location qualifier | Cost, normal purchase price | Total Checkouts | Full call number | Barcode | Date last seen | Date last checked out | Copy number | Cost, replacement price | Price effective from | Koha item type |
|---|---|---|---|---|---|---|---|---|---|---|---|---|---|---|---|---|---|---|---|
| Dewey Decimal Classification | Library and Information Resource Centre | Library and Information Resource Centre | 2013-08-22 | TBC | New Delhi | 19632.00 | 2 | 610.28 XIE | 5705 | 2019-12-02 | 2019-06-03 | 1 | 19632.00 | 2013-08-22 | Books | ||||
| Dewey Decimal Classification | Library and Information Resource Centre | Library and Information Resource Centre | 2014-09-04 | Book Age | New Delhi | 19632.00 | 610.28 XIE | 6586 | 2020-01-30 | 1 | 19632.00 | 2014-09-04 | Books |
